[Event "XXXII Moglianoscacchi B"]
[Site "Mogliano Veneto ITA"]
[Date "2011.04.30"]
[Round "3"]
[White "Stefan, Marco"]
[Black "Perissotto, Mario"]
[Result "1-0"]
[WhiteElo "1852"]
[BlackElo "1667"]
[PlyCount "49"]
[EventDate "2011.04.29"]

1. e4 c5 2. Nf3 e6 3. d4 cxd4 4. Nxd4 a6 5. Nc3 Qc7 6. a3 Nf6 7. Be3 Nc6 8. Be2
d6 9. O-O Be7 10. f4 O-O 11. Kh1 Bd7 12. Qe1 Na5 13. Qg3 e5 14. fxe5 dxe5 15.
Nf5 Bxf5 16. Rxf5 Rfe8 17. Raf1 Kh8 18. Bg5 Qc6 19. Bxf6 Bxf6 20. Nd5 Re6 21.
Nxf6 Rxf6 22. Qxe5 Rxf5 23. Qxf5 Nc4 24. Qxf7 Ne3 25. Qf8+ 1-0

[Event "XXXII Moglianoscacchi B"]
[Site "Mogliano Veneto ITA"]
[Date "2011.04.30"]
[Round "3"]
[White "Stradiotto, Angelo"]
[Black "Bortolotto, Denzio"]
[Result "0-1"]
[WhiteElo "1506"]
[BlackElo "1751"]
[PlyCount "92"]
[EventDate "2011.04.29"]

1. Nf3 b6 2. e4 Bb7 3. Nc3 e6 4. d4 Bb4 5. Bd3 c5 6. Qe2 cxd4 7. Nxd4 Ne7 8.
O-O Bxc3 9. bxc3 Ng6 10. e5 O-O 11. f4 d6 12. Ba3 dxe5 13. Bxf8 exd4 14. Ba3
dxc3 15. Rf2 Nc6 16. Rd1 Qf6 17. f5 exf5 18. Bxf5 Nd4 19. Qg4 Nxf5 20. Rxf5 Bc8
21. Rxf6 Bxg4 22. Rd4 gxf6 23. Rxg4 Rc8 24. h4 h5 25. Rg3 Rc4 26. Be7 f5 27.
Bf6 f4 28. Rg5 Rc5 29. Rxc5 bxc5 30. Kf2 Kf8 31. g3 Ke8 32. Bxc3 Kd7 33. Kf3
fxg3 34. Kxg3 Ke6 35. Bd2 a6 36. a4 Ke5 37. Bc3+ Ke4 38. Bf6 c4 39. Kf2 Ne5 40.
Ke2 Nf3 41. c3 Kf4 42. Kf2 Kg4 43. Ke3 Nxh4 44. Bxh4 Kxh4 45. Kf4 a5 46. Kf5
Kg3 0-1

[Event "XXXII Moglianoscacchi B"]
[Site "Mogliano Veneto ITA"]
[Date "2011.04.30"]
[Round "3"]
[White "Vastano, Ciro"]
[Black "Rizzo, Giuseppe"]
[Result "0-1"]
[WhiteElo "1607"]
[BlackElo "1754"]
[PlyCount "84"]
[EventDate "2011.04.29"]

1. e4 Nf6 2. Nc3 d5 3. e5 Nfd7 4. d4 e6 5. Nce2 c5 6. c3 Nc6 7. Nf3 Be7 8. Ng3
O-O 9. Bd3 f5 10. exf6 Nxf6 11. O-O cxd4 12. cxd4 Qd6 13. a3 e5 14. dxe5 Nxe5
15. Nxe5 Qxe5 16. Re1 Qd6 17. Nf5 Bxf5 18. Bxf5 Rad8 19. Bd2 Rfe8 20. Bb4 Qf4
21. Bxe7 Qxf5 22. Bxd8 Rxd8 23. Rc1 Rd7 24. Qd4 a6 25. Re5 Qg6 26. Rce1 h6 27.
f3 Qf7 28. b4 Rc7 29. Rd1 Rc2 30. Qd3 Qc7 31. Rde1 Rc3 32. Qf5 Qb6+ 33. Kh1 Rc7
34. Re8+ Kf7 35. R8e6 Qf2 36. R6e2 Qxe2 37. Rg1 d4 38. Qf4 Rd7 39. Qg3 d3 40.
Re1 Qc2 41. Qe5 d2 42. Qe6+ Kg6 0-1

[Event "XXXII Moglianoscacchi B"]
[Site "Mogliano Veneto ITA"]
[Date "2011.05.01"]
[Round "4"]
[White "Aprile, Martino"]
[Black "De Marchi, Alessandro"]
[Result "1-0"]
[WhiteElo "1891"]
[BlackElo "1693"]
[PlyCount "61"]
[EventDate "2011.04.29"]

1. e4 c5 2. Nc3 Nc6 3. f4 e6 4. Nf3 Qc7 5. d3 a6 6. Ne2 d5 7. e5 Nh6 8. Ng3 b5
9. c3 Bb7 10. a3 O-O-O 11. d4 cxd4 12. cxd4 Qb6 13. Be3 Kb8 14. h3 f6 15. Be2
Nf7 16. O-O fxe5 17. fxe5 Nfxe5 18. Kh1 Nxf3 19. Rxf3 g6 20. Rf6 e5 21. Rc1 Bd6
22. Nf1 exd4 23. Bg1 Ka8 24. Bf3 Be5 25. Re6 Bg7 26. Qb3 Na5 27. Rxb6 Nxb3 28.
Rc7 Bc8 29. Rxg7 Rhe8 30. Bh2 Bd7 31. Bxd5+ 1-0

[Event "XXXII Moglianoscacchi B"]
[Site "Mogliano Veneto ITA"]
[Date "2011.05.01"]
[Round "4"]
[White "Ballarin, Gabriele"]
[Black "Zamengo, Bruno"]
[Result "0-1"]
[WhiteElo "1825"]
[BlackElo "1890"]
[PlyCount "83"]
[EventDate "2011.04.29"]

1. e4 e6 2. f4 d5 3. e5 c5 4. Nf3 Nc6 5. c3 Qb6 6. Na3 a6 7. g3 f6 8. Bg2 Bd7
9. b3 O-O-O 10. O-O g5 11. Qe2 g4 12. Ne1 fxe5 13. fxe5 Bg7 14. Qxg4 Bxe5 15.
Nac2 h5 16. Qe2 Nh6 17. Nf3 Bc7 18. d3 Ng4 19. Ne3 Nce5 20. Nxe5 Nxe5 21. Bb2
h4 22. g4 h3 23. Bf3 Nxf3+ 24. Rxf3 Qd6 25. Raf1 Rdg8 26. d4 cxd4 27. cxd4 Bb5
28. Qc2 Bxf1 29. Rxf1 Kd8 30. Rf7 Qc6 31. Qf2 Re8 32. Nc2 Rhg8 33. Ne3 e5 34.
Rf6 Qb5 35. dxe5 Bb6 36. Qf4 Bxe3+ 37. Qxe3 Rxg4+ 38. Kh1 Reg8 39. Bd4 Rg1+ 40.
Qxg1 Rxg1+ 41. Kxg1 Qe2 42. Bf2 0-1

[Event "XXXII Moglianoscacchi B"]
[Site "Mogliano Veneto ITA"]
[Date "2011.05.01"]
[Round "4"]
[White "Banovi, Alit"]
[Black "Penzo, Amleto"]
[Result "1-0"]
[WhiteElo "1865"]
[BlackElo "1783"]
[PlyCount "85"]
[EventDate "2011.04.29"]

1. d4 Nf6 2. c4 g6 3. Nc3 Bg7 4. e4 d6 5. Nf3 O-O 6. Bd3 Nbd7 7. Bd2 e5 8. d5
Nc5 9. Bc2 a5 10. a3 Bd7 11. b4 axb4 12. axb4 Rxa1 13. Qxa1 Na6 14. Ne2 Nxe4
15. Bxe4 f5 16. Bc2 e4 17. Nfd4 Be5 18. Qa3 Qf6 19. Nb3 Bb2 20. Qa2 g5 21. h4
g4 22. O-O Be5 23. g3 e3 24. Bxe3 Nxb4 25. Qb1 Nxc2 26. Qxc2 b5 27. c5 c6 28.
Nf4 cxd5 29. Nxd5 Qf7 30. Nf4 dxc5 31. Nxc5 Rc8 32. Qb3 Bxf4 33. Qxf7+ Kxf7 34.
Nxd7 Bd6 35. Nb6 Rb8 36. Rd1 Be7 37. Rd5 Kg6 38. Rxb5 Bd8 39. Rd5 Bf6 40. Rd6
Rf8 41. Nd7 Rf7 42. h5+ Kg7 43. Nxf6 1-0

[Event "XXXII Moglianoscacchi B"]
[Site "Mogliano Veneto ITA"]
[Date "2011.05.01"]
[Round "4"]
[White "Bellon, Antonio"]
[Black "Pietrobon, Mirco"]
[Result "1-0"]
[WhiteElo "1744"]
[BlackElo "1603"]
[PlyCount "69"]
[EventDate "2011.04.29"]

1. e4 d5 2. exd5 Nf6 3. d4 Bg4 4. Be2 Bxe2 5. Nxe2 Qxd5 6. O-O c6 7. Nbc3 Qa5
8. Bd2 Qc7 9. Bf4 Qd8 10. Re1 e6 11. Qd3 Nbd7 12. Ng3 Nb6 13. Nge4 Nfd5 14.
Nxd5 Nxd5 15. Bg3 Be7 16. c4 Nb6 17. Qc3 O-O 18. Rad1 Re8 19. Nc5 Qc8 20. b3
Bxc5 21. dxc5 Nd7 22. b4 b6 23. cxb6 axb6 24. a3 Nf8 25. h4 f6 26. h5 h6 27.
Bh4 e5 28. Rd6 Re6 29. c5 Rxd6 30. cxd6 Ne6 31. Rd1 Nd4 32. Qc4+ Qe6 33. Rxd4
Qxc4 34. Rxc4 Rxa3 35. Rxc6 1-0

[Event "XXXII Moglianoscacchi B"]
[Site "Mogliano Veneto ITA"]
[Date "2011.05.01"]
[Round "4"]
[White "Borghi, Bruno"]
[Black "Bozzao, Francesco"]
[Result "1-0"]
[WhiteElo "1628"]
[BlackElo "1867"]
[PlyCount "81"]
[EventDate "2011.04.29"]

1. e4 c5 2. d4 cxd4 3. c3 dxc3 4. Nxc3 Nc6 5. Nf3 d6 6. h3 e6 7. Bc4 Nf6 8. O-O
Be7 9. Qe2 O-O 10. Re1 Nd7 11. Bf4 e5 12. Be3 Nf6 13. Rac1 a6 14. a3 b5 15. Bb3
Bb7 16. Bg5 Na5 17. Ba2 Qb8 18. Bxf6 Bxf6 19. Qd3 Be7 20. Bd5 Rd8 21. Bxb7 Qxb7
22. Nd5 Nc4 23. Rc2 Rac8 24. Rec1 Nxb2 25. Qb3 Rxc2 26. Rxc2 Nc4 27. Rxc4 Rd7
28. Rc3 h6 29. Qc2 Bd8 30. Nh2 Kh7 31. Ng4 Qa7 32. Nge3 Qd4 33. Qd3 Bb6 34. Rb3
Qa1+ 35. Kh2 Qe1 36. Kg3 Bd8 37. Qf1 Qa5 38. Kh2 Qa4 39. Qd3 Qa5 40. Qc3 Kg6
41. Qc6 1-0

[Event "XXXII Moglianoscacchi B"]
[Site "Mogliano Veneto ITA"]
[Date "2011.05.01"]
[Round "4"]
[White "Bortolotto, Denzio"]
[Black "Rossi, Gianni"]
[Result "1/2-1/2"]
[WhiteElo "1751"]
[BlackElo "1827"]
[PlyCount "120"]
[EventDate "2011.04.29"]

1. d4 Nf6 2. c4 e5 3. dxe5 Ne4 4. Nf3 Nc6 5. a3 d6 6. Qd5 Nc5 7. Bg5 Be7 8.
Bxe7 Qxe7 9. exd6 cxd6 10. Qd1 Bf5 11. e3 Qf6 12. Nc3 O-O 13. Be2 Ne4 14. Rc1
Nxc3 15. Rxc3 Rac8 16. O-O Rfd8 17. Nd4 Be4 18. f3 Bg6 19. Nxc6 Rxc6 20. Qd4
Rdc8 21. Qxf6 gxf6 22. Rd1 Bf5 23. e4 Be6 24. Rd4 b5 25. b3 bxc4 26. Bxc4 Kf8
27. Kf2 Ke7 28. g4 Rc5 29. Rcd3 Bxc4 30. bxc4 Rxc4 31. Rxd6 Rc3 32. Rd7+ Ke6
33. Rxc3 Rxc3 34. Rxa7 h6 35. Kg3 Rb3 36. Ra5 Ke7 37. a4 Ra3 38. h4 Kf8 39.
Ra8+ Kg7 40. h5 Rc3 41. a5 Ra3 42. a6 Ra4 43. a7 Ra3 44. Kf4 Ra5 45. Ke3 Ra4
46. Kd3 Ra3+ 47. Kc4 Ra4+ 48. Kb5 Ra1 49. Kc6 Rc1+ 50. Kd6 Rd1+ 51. Ke7 Ra1 52.
f4 Ra5 53. g5 fxg5 54. fxg5 hxg5 55. h6+ Kh7 56. Kxf7 g4 57. Rd8 Rxa7+ 58. Ke6
Kxh6 59. Kf5 g3 60. Rd1 g2 1/2-1/2

[Event "XXXII Moglianoscacchi B"]
[Site "Mogliano Veneto ITA"]
[Date "2011.05.01"]
[Round "4"]
[White "Casagrande, Corrado"]
[Black "Megna, Giuseppe"]
[Result "0-1"]
[WhiteElo "1770"]
[BlackElo "1890"]
[PlyCount "82"]
[EventDate "2011.04.29"]

1. d4 e6 2. Nf3 b6 3. e3 Bb7 4. Bd3 f5 5. Nbd2 Nf6 6. O-O Be7 7. Re1 O-O 8. e4
f4 9. Nb3 Nh5 10. Ne5 Qe8 11. Qg4 g5 12. Nd2 Ng7 13. Qe2 d6 14. Nec4 Nc6 15. c3
e5 16. dxe5 dxe5 17. b3 Qg6 18. Qg4 Bc8 19. Qd1 g4 20. Ba3 Bxa3 21. Nxa3 Kh8
22. Nb5 Rf7 23. Bc4 Re7 24. Qc2 a6 25. Na3 b5 26. Nxb5 axb5 27. Bxb5 Bb7 28. a4
Ne6 29. b4 Ng5 30. a5 Rd8 31. Qa4 Rxd2 32. Bxc6 Nh3+ 33. Kh1 Nxf2+ 34. Kg1 g3
35. h3 Nxh3+ 36. gxh3 Bxc6 37. b5 Ba8 38. Rad1 Red7 39. Rxd2 Rxd2 40. Rd1 Qd6
41. Rf1 Qc5+ 0-1

[Event "XXXII Moglianoscacchi B"]
[Site "Mogliano Veneto ITA"]
[Date "2011.05.01"]
[Round "4"]
[White "Caverzan, Marco"]
[Black "Vastano, Ciro"]
[Result "1-0"]
[WhiteElo "1558"]
[BlackElo "1607"]
[PlyCount "147"]
[EventDate "2011.04.29"]

1. e4 e6 2. d4 d5 3. e5 c5 4. c3 Nc6 5. Nf3 Qb6 6. Qb3 Qc7 7. Be3 cxd4 8. cxd4
Bd7 9. Nc3 a6 10. a3 Nge7 11. Bd3 Ng6 12. O-O Be7 13. Kh1 O-O 14. Qc2 Rac8 15.
Rac1 Qd8 16. Rfd1 b5 17. b4 Rc7 18. Qb2 Nh4 19. Nxh4 Bxh4 20. g3 Bg5 21. f4 Be7
22. Nb1 Qb8 23. Nd2 Rfc8 24. Nb3 Nd8 25. Rxc7 Rxc7 26. Nc5 Bc8 27. Qc2 Nc6 28.
Bxh7+ Kf8 29. Bd3 Na7 30. f5 Qb6 31. Rc1 Bd8 32. Qf2 a5 33. bxa5 Qxa5 34. fxe6
Qxa3 35. Nd7+ Kg8 36. Qxf7+ Kh8 37. Qf8+ Qxf8 38. Nxf8 Rxc1+ 39. Bxc1 Kg8 40.
Nd7 Nc6 41. Bb2 b4 42. Kg2 Na5 43. Kf2 Nc4 44. Ba1 Bg5 45. Ke2 b3 46. Bc3 Bc1
47. Nc5 b2 48. e7 Kf7 49. Bg6+ Kxe7 50. Na4 Bg4+ 51. Ke1 Bf3 52. Bb4+ Kd8 53.
e6 Bd2+ 54. Bxd2 Ke7 55. Bc3 Kxe6 56. Nxb2 Nd6 57. Kf2 Be4 58. Bh5 Nb5 59. Nd1
Bc2 60. Bb2 Kf5 61. Ne3+ Ke4 62. Nxc2 Kd3 63. Nb4+ Kc4 64. Nc2 Kb3 65. Ne3 Kxb2
66. Nxd5 Nxd4 67. Ne3 Kc3 68. Bg4 Nc6 69. Nf5 g6 70. Ne3 Kd4 71. Nc2+ Ke5 72.
Ne3 Kf6 73. Bf3 Ne5 74. Ng4+ 1-0

[Event "XXXII Moglianoscacchi B"]
[Site "Mogliano Veneto ITA"]
[Date "2011.05.01"]
[Round "4"]
[White "Dussin, Davide"]
[Black "Pasqualetto, Lorenzo"]
[Result "1/2-1/2"]
[WhiteElo "1872"]
[BlackElo "1675"]
[PlyCount "146"]
[EventDate "2011.04.29"]

1. d4 Nf6 2. c4 e6 3. Nc3 Bb4 4. a3 Bxc3+ 5. bxc3 c5 6. Nf3 O-O 7. e3 Nc6 8.
Bd3 b6 9. O-O Ba6 10. Qe2 Na5 11. Bb2 Rc8 12. Rac1 d6 13. Nd2 Qd7 14. f3 Ne8
15. e4 e5 16. f4 f6 17. fxe5 fxe5 18. Rxf8+ Kxf8 19. Rf1+ Nf6 20. Qh5 Kg8 21.
Qg5 Qg4 22. Qe3 cxd4 23. cxd4 Bxc4 24. Bxc4+ Nxc4 25. Nxc4 Rxc4 26. Qb3 b5 27.
Qxb5 Rc8 28. dxe5 dxe5 29. Bxe5 Qxe4 30. Qb3+ Kh8 31. Bxf6 gxf6 32. Qf7 Qd4+
33. Kh1 a5 34. h3 Qd6 35. Qxf6+ Qxf6 36. Rxf6 Rc3 37. Rf3 Rc5 38. Kh2 Kg7 39.
g4 Kg6 40. Kg3 h5 41. Rd3 hxg4 42. hxg4 Kg5 43. a4 Re5 44. Rb3 Rc5 45. Rb5 Rxb5
46. axb5 a4 47. b6 a3 48. b7 a2 49. b8=Q a1=Q 50. Qg8+ Kh6 51. Qf8+ Kg6 52.
Qf5+ Kg7 53. Qd7+ Kg6 54. Qe6+ Kg7 55. Qe3 Qf6 56. g5 Qd6+ 57. Kg4 Qd1+ 58. Kf5
Qd5+ 59. Qe5+ Qxe5+ 60. Kxe5 Kg6 61. Kf4 Kg7 62. Kg4 Kg6 63. Kf4 Kg7 64. Kf5
Kf7 65. Kf4 Kg7 66. Kf5 Kf7 67. g6+ Kg7 68. Kg5 Kg8 69. Kf5 Kg7 70. Kg5 Kg8 71.
Kh6 Kh8 72. Kh5 Kg7 73. Kg5 Kg8 1/2-1/2

[Event "XXXII Moglianoscacchi B"]
[Site "Mogliano Veneto ITA"]
[Date "2011.05.01"]
[Round "4"]
[White "Losso, Agostino"]
[Black "Piccolotto, Giovanni"]
[Result "1-0"]
[WhiteElo "1793"]
[BlackElo "1727"]
[PlyCount "91"]
[EventDate "2011.04.29"]

1. c4 e6 2. g3 d5 3. Bg2 Nf6 4. Nf3 Be7 5. O-O O-O 6. b3 b6 7. Bb2 Bb7 8. d4
Nbd7 9. Nc3 Rc8 10. e3 Ba6 11. Qe2 c5 12. Nb5 Bxb5 13. cxb5 Qc7 14. Rac1 Qb7
15. Ba3 Rc7 16. Rfe1 Rfc8 17. Nd2 Bf8 18. Bb2 cxd4 19. Rxc7 Rxc7 20. e4 Rc2 21.
exd5 Nxd5 22. Bxd4 Bb4 23. Qg4 g6 24. Rxe6 Bxd2 25. Re8+ Nf8 26. Qe2 Rc1+ 27.
Bf1 Bc3 28. Bxc3 Nxc3 29. Qd3 Qd5 30. Qxd5 Nxd5 31. Kg2 Nc7 32. Rc8 Kg7 33. Bc4
Nfe6 34. Rb8 Rc2 35. a4 Rd2 36. Rb7 Rd6 37. Rxa7 Nd5 38. Rb7 Nc3 39. Rb8 Nd1
40. b4 Nb2 41. Bxe6 Rxe6 42. a5 bxa5 43. bxa5 Nc4 44. a6 Nb6 45. Rxb6 Rxb6 46.
a7 1-0

[Event "XXXII Moglianoscacchi B"]
[Site "Mogliano Veneto ITA"]
[Date "2011.05.01"]
[Round "4"]
[White "Maddaloni, Giovanni"]
[Black "Mumelter, Igor"]
[Result "1-0"]
[WhiteElo "1827"]
[BlackElo "1879"]
[PlyCount "83"]
[EventDate "2011.04.29"]

1. e4 c6 2. d4 d5 3. e5 c5 4. dxc5 e6 5. Be3 Nh6 6. c3 Nf5 7. Bd4 Nxd4 8. cxd4
b6 9. Bb5+ Bd7 10. Bxd7+ Nxd7 11. cxb6 Qxb6 12. Qd2 Rb8 13. b3 Bb4 14. Nc3 Rc8
15. Nge2 Qa5 16. Rc1 O-O 17. O-O Rc6 18. Qe3 Ba3 19. Rcd1 Rfc8 20. Na4 Rc2 21.
Ng3 g6 22. h4 Rxa2 23. h5 Rac2 24. Qg5 Qd8 25. Qg4 Rc1 26. hxg6 hxg6 27. Rd3
Rxf1+ 28. Nxf1 Rc1 29. Nc3 Re1 30. Ne2 Bc1 31. Rh3 Qg5 32. Qxg5 Bxg5 33. f4
Rxe2 34. fxg5 Re4 35. Rd3 Nb8 36. Nh2 Re1+ 37. Kf2 Rc1 38. Ng4 Kg7 39. Nf6 Rh1
40. Rc3 Na6 41. Ne8+ Kh7 42. Rc8 1-0

[Event "XXXII Moglianoscacchi B"]
[Site "Mogliano Veneto ITA"]
[Date "2011.05.01"]
[Round "4"]
[White "Perissotto, Mario"]
[Black "Marangoni, Simone"]
[Result "0-1"]
[WhiteElo "1667"]
[BlackElo "1835"]
[PlyCount "64"]
[EventDate "2011.04.29"]

1. e4 g6 2. d4 Bg7 3. c3 d6 4. Nf3 Nc6 5. h3 a6 6. Bd3 e5 7. d5 Nce7 8. Be3 f5
9. Qc2 fxe4 10. Bxe4 Nf6 11. c4 O-O 12. Nc3 Nf5 13. Bg5 Qe8 14. O-O-O b5 15. g4
Nxe4 16. Nxe4 Nd4 17. Nxd4 exd4 18. Rde1 Qf7 19. Rhf1 Bb7 20. Nxd6 cxd6 21. Re7
Bxd5 22. Rxf7 Bxf7 23. c5 dxc5 24. Kd2 Bc4 25. Be7 Rf7 26. Qd1 Bxf1 27. Qxf1
Rxe7 28. Qg2 Rae8 29. Kc2 c4 30. a3 d3+ 31. Kb1 Re2 32. Qd5+ Kh8 0-1

[Event "XXXII Moglianoscacchi B"]
[Site "Mogliano Veneto ITA"]
[Date "2011.05.01"]
[Round "4"]
[White "Pisani, Valerio"]
[Black "Bonollo, Sergio"]
[Result "0-1"]
[WhiteElo "1714"]
[BlackElo "1864"]
[PlyCount "128"]
[EventDate "2011.04.29"]

1. Nc3 g6 2. e4 Bg7 3. d4 d6 4. Bc4 Nf6 5. Nf3 O-O 6. h3 a6 7. a4 Nbd7 8. O-O
Nb6 9. Bd3 Nfd7 10. a5 c5 11. axb6 cxd4 12. Nd5 Nxb6 13. Nxb6 Qxb6 14. b3 Bd7
15. Bg5 Rfe8 16. Qd2 e5 17. Bh6 Qd8 18. Bxg7 Kxg7 19. Nh2 g5 20. Qe2 h6 21. Qh5
Rh8 22. Bc4 Qe7 23. g3 f6 24. f4 Be8 25. Qf3 Bd7 26. Kg2 Raf8 27. f5 Rh7 28. g4
Rfh8 29. Rh1 h5 30. Qf2 Bc6 31. Qe2 hxg4 32. hxg4 Rh4 33. Rag1 Kf8 34. Nf1 Qh7
35. Ng3 Rh2+ 36. Rxh2 Qxh2+ 37. Kf1 Qh3+ 38. Qg2 Qxg4 39. Bd3 Qf4+ 40. Qf2 Qg4
41. Be2 Qh3+ 42. Qg2 Qh4 43. Bd3 Qf4+ 44. Qf2 Rh4 45. Qxf4 Rxf4+ 46. Ke2 Rh4
47. Rh1 Rxh1 48. Nxh1 Kg7 49. Ng3 Kh6 50. Bc4 g4 51. Be6 Bb5+ 52. Kf2 b6 53.
Bf7 Kg5 54. Nh5 Bc6 55. Ng3 a5 56. Bc4 b5 57. Bd3 a4 58. bxa4 bxa4 59. Ne2 a3
60. Nc1 d5 61. exd5 Bxd5 62. Kg3 a2 63. Nxa2 Bxa2 64. Be4 Bg8 0-1

[Event "XXXII Moglianoscacchi B"]
[Site "Mogliano Veneto ITA"]
[Date "2011.05.01"]
[Round "4"]
[White "Rizzo, Giuseppe"]
[Black "Dal Bianco, Nicola"]
[Result "1-0"]
[WhiteElo "1754"]
[BlackElo "1620"]
[PlyCount "129"]
[EventDate "2011.04.29"]

1. d4 Nf6 2. Bf4 e6 3. Nf3 b6 4. e3 Bb7 5. Be2 Be7 6. h3 O-O 7. Nbd2 d6 8. c3
Nbd7 9. O-O Nd5 10. Bh2 f5 11. Qc2 Bg5 12. c4 Nb4 13. Qb3 Nc6 14. c5 dxc5 15.
Qxe6+ Kh8 16. Nxg5 Qxg5 17. Nf3 Qd8 18. dxc5 Nxc5 19. Qc4 Qe7 20. b4 Ne4 21. b5
Na5 22. Qxc7 Qxc7 23. Bxc7 Rae8 24. Rfe1 Nc3 25. Bf1 Bd5 26. Bd6 Rf7 27. a4 Nb3
28. Ra3 h6 29. Ne5 Rf6 30. Bb4 Rxe5 31. Bxc3 Ree6 32. Bxf6 Rxf6 33. Rd1 Be6 34.
Rd6 Nc5 35. a5 Nb7 36. axb6 Nxd6 37. bxa7 Bd5 38. a8=Q+ Bxa8 39. Rxa8+ Kh7 40.
b6 Rf7 41. Ra7 Rb7 42. Rxb7 Nxb7 43. Ba6 Nc5 44. Bc8 g6 45. b7 Na6 46. Kf1 Kg7
47. Ke2 Kf6 48. Kd3 Ke5 49. Kc4 g5 50. Kb5 Nb8 51. Kb6 h5 52. f3 h4 53. Kc7
Na6+ 54. Kb6 Nb8 55. Ka7 Nc6+ 56. Ka8 f4 57. exf4+ Kxf4 58. b8=Q+ Nxb8 59. Kxb8
Kg3 60. Kc7 Kxg2 61. Bg4 Kg3 62. Kd6 Kf4 63. Ke6 Kg3 64. Kf5 Kf2 65. Kxg5 1-0

[Event "XXXII Moglianoscacchi B"]
[Site "Mogliano Veneto ITA"]
[Date "2011.05.01"]
[Round "4"]
[White "Tonolo, Maurizio"]
[Black "Losi, Enrico"]
[Result "1/2-1/2"]
[WhiteElo "1788"]
[BlackElo "1634"]
[PlyCount "72"]
[EventDate "2011.04.29"]

1. d4 Nf6 2. Nf3 e6 3. e3 b6 4. c4 Bb7 5. Nc3 Bb4 6. Be2 O-O 7. O-O Bxc3 8.
bxc3 Ne4 9. Qc2 d6 10. Ne1 f5 11. f3 Nf6 12. Ba3 c5 13. Rd1 Qc7 14. Nd3 Nbd7
15. Nf4 Rfe8 16. Nd3 Rad8 17. Rfe1 Nf8 18. Nf2 Ng6 19. Bd3 Bc8 20. Bc1 Kh8 21.
e4 f4 22. e5 dxe5 23. Bxg6 hxg6 24. dxe5 Rxd1 25. Qxd1 Nh5 26. Qc2 Kh7 27. Nh3
Qe7 28. Nxf4 Nxf4 29. Bxf4 Rf8 30. Bg3 Rf5 31. Rd1 Ba6 32. Qa4 Bc8 33. Qc6 Bb7
34. Qa4 Bc8 35. Qc6 Bb7 36. Qa4 Bc8 1/2-1/2

[Event "XXXII Moglianoscacchi B"]
[Site "Mogliano Veneto ITA"]
[Date "2011.05.01"]
[Round "4"]
[White "Viviani, Bruno"]
[Black "Stefan, Marco"]
[Result "1/2-1/2"]
[WhiteElo "1701"]
[BlackElo "1852"]
[PlyCount "25"]
[EventDate "2011.04.29"]

1. d4 Nf6 2. Nc3 c5 3. d5 g6 4. e4 d6 5. Nf3 Bg7 6. Be2 O-O 7. O-O Nbd7 8. a4
a6 9. Bg5 Qc7 10. Nd2 b6 11. Nc4 Bb7 12. Qd2 Rad8 13. Rad1 1/2-1/2

[Event "XXXII Moglianoscacchi B"]
[Site "Mogliano Veneto ITA"]
[Date "2011.05.01"]
[Round "4"]
[White "Zangrando, Gianpietro"]
[Black "Fracasso Pezzolato, Michele"]
[Result "0-1"]
[WhiteElo "1827"]
[BlackElo "1810"]
[PlyCount "102"]
[EventDate "2011.04.29"]

1. c4 e5 2. Nc3 Nf6 3. g3 d5 4. cxd5 Nxd5 5. Bg2 Be6 6. Nf3 Nc6 7. O-O Bc5 8.
a3 a5 9. Qc2 Ba7 10. d3 f6 11. Nb5 Bb6 12. Nd2 Qd7 13. Ne4 Nce7 14. Nbc3 h5 15.
h4 Nf5 16. Na4 Nd4 17. Qd1 Nxe2+ 18. Qxe2 Qxa4 19. Nc3 Qd7 20. Rb1 O-O-O 21.
Re1 Nxc3 22. bxc3 Qxd3 23. Qb2 Bd5 24. Be3 Bxg2 25. Kxg2 Qd5+ 26. Kg1 Bxe3 27.
Rxe3 b6 28. Qe2 Qc6 29. Qa6+ Qb7 30. Qc4 Rd5 31. Qe2 g6 32. c4 Rc5 33. f4 Qc6
34. fxe5 fxe5 35. Rf1 Rxc4 36. Rxe5 Rc2 37. Qa6+ Qb7 38. Qxb7+ Kxb7 39. Re6 Rg8
40. Rf3 g5 41. hxg5 Rxg5 42. Rh6 Rc4 43. Kf2 Rc2+ 44. Kg1 Rd5 45. Rh7 b5 46.
Rhf7 Rd1+ 47. Rf1 Rxf1+ 48. Kxf1 Rc3 49. Rf5 Rxg3 50. Rxb5+ Ka6 51. Rxh5 51.
Rxa3 {...} 0-1

[Event "XXXII Moglianoscacchi B"]
[Site "Mogliano Veneto ITA"]
[Date "2011.05.01"]
[Round "5"]
[White "Anselmi, Beatrice"]
[Black "Dussin, Davide"]
[Result "1-0"]
[WhiteElo "1749"]
[BlackElo "1872"]
[PlyCount "61"]
[EventDate "2011.04.29"]

1. e4 c6 2. d4 d5 3. Nc3 dxe4 4. Nxe4 Bf5 5. Ng3 Bg6 6. Nf3 Nd7 7. h4 h6 8. h5
Bh7 9. Bd3 Bxd3 10. Qxd3 e6 11. Bd2 Ngf6 12. O-O-O Qc7 13. Rde1 O-O-O 14. Kb1
Bd6 15. Ne2 Ng4 16. Rhf1 Rhe8 17. c4 c5 18. Nc3 a6 19. Ne4 Bf4 20. Bxf4 Qxf4
21. Qa3 Qc7 22. dxc5 Re7 23. c6 Nb8 24. cxb7+ Kxb7 25. Nc5+ Ka7 26. Re4 Nf6 27.
Rd4 Ree8 28. Rfd1 Rxd4 29. Nxd4 Kb6 30. Rd3 Qe5 31. Qb4+ 1-0

[Event "XXXII Moglianoscacchi B"]
[Site "Mogliano Veneto ITA"]
[Date "2011.05.01"]
[Round "5"]
[White "Barbetta, Cosimo"]
[Black "Mumelter, Igor"]
[Result "0-1"]
[WhiteElo "1686"]
[BlackElo "1879"]
[PlyCount "82"]
[EventDate "2011.04.29"]

1. e4 c6 2. c3 d5 3. e5 Bf5 4. Nf3 e6 5. d4 c5 6. Bb5+ Nc6 7. Na3 a6 8. Bxc6+
bxc6 9. Nc2 Ne7 10. dxc5 Ng6 11. b4 Qc7 12. Qd4 Bxc2 13. O-O Be4 14. Ne1 Qxe5
15. f3 Qxd4+ 16. cxd4 Bf5 17. g4 Ne7 18. gxf5 Nxf5 19. Nc2 g6 20. Bf4 Bg7 21.
Rad1 O-O 22. Bc7 Rfc8 23. Bb6 Bf6 24. Kg2 Bd8 25. Bxd8 Rxd8 26. a3 Kf8 27. Rd3
Rdb8 28. f4 Ke7 29. Kf3 h5 30. Re1 Kd7 31. Na1 a5 32. Nc2 axb4 33. Nxb4 Ra4 34.
Rb1 Rba8 35. Rbb3 R8a7 36. Nc2 Rc4 37. Rd2 Rxc2 38. Rbd3 Rxd2 39. Rxd2 Rxa3+
40. Kg2 Ra4 41. Rb2 Kc7 0-1

[Event "XXXII Moglianoscacchi B"]
[Site "Mogliano Veneto ITA"]
[Date "2011.05.01"]
[Round "5"]
[White "Bortolotto, Denzio"]
[Black "La Malfa, Stelio"]
[Result "1-0"]
[WhiteElo "1751"]
[BlackElo "1826"]
[PlyCount "93"]
[EventDate "2011.04.29"]

1. d4 d5 2. c4 e6 3. Nf3 Nf6 4. Bg5 c6 5. e3 Nbd7 6. Nc3 Bd6 7. cxd5 exd5 8.
Bd3 h6 9. Bh4 g5 10. Bg3 Qe7 11. Qc2 O-O 12. Bf5 Re8 13. O-O Bxg3 14. hxg3 Ne4
15. a3 a5 16. Nd2 Ndf6 17. Bxe4 dxe4 18. Nc4 Nd5 19. Nxd5 cxd5 20. Nb6 Rb8 21.
Nxd5 Qd6 22. Qc5 Rd8 23. Qxd6 Rxd6 24. Nc3 Bf5 25. Rac1 b5 26. Na2 b4 27. Rc5
Be6 28. Nc1 Ra6 29. Ne2 bxa3 30. bxa3 Rb3 31. Ra1 a4 32. Nc3 f5 33. Nb5 Rb6 34.
Nc7 Rb1+ 35. Rxb1 Rxb1+ 36. Kh2 Bb3 37. Rxf5 Ra1 38. d5 Rxa3 39. d6 Ra1 40. d7
Rd1 41. Rd5 Bxd5 42. d8=Q+ Kf7 43. Nxd5 a3 44. Qd7+ Kf8 45. Qe7+ Kg8 46. Nf6+
Kh8 47. Qh7# 1-0

[Event "XXXII Moglianoscacchi B"]
[Site "Mogliano Veneto ITA"]
[Date "2011.05.01"]
[Round "5"]
[White "Bozzao, Francesco"]
[Black "Rizzo, Giuseppe"]
[Result "1-0"]
[WhiteElo "1867"]
[BlackElo "1754"]
[PlyCount "73"]
[EventDate "2011.04.29"]

1. d4 Nf6 2. c4 g6 3. Nc3 d5 4. Nf3 Bg7 5. Qb3 dxc4 6. Qxc4 O-O 7. e4 Nc6 8.
Bf4 Nh5 9. Be3 Na5 10. Qd5 Nc6 11. Be2 a6 12. O-O Bg4 13. Rfd1 e6 14. Qc5 Ne7
15. h3 Bxf3 16. Bxf3 Nf6 17. d5 b6 18. Qa3 exd5 19. exd5 Nf5 20. Bg5 Qd6 21.
Qxd6 Nxd6 22. Rac1 Nd7 23. g3 Ne5 24. Bg2 Rfe8 25. Rc2 f6 26. Bc1 Nef7 27. Ne2
Rac8 28. Nf4 Nd8 29. Ne6 Nxe6 30. dxe6 Kf8 31. Bc6 Rxe6 32. Bd7 Re7 33. Bxc8
Nxc8 34. Rd8+ Re8 35. Rxe8+ Kxe8 36. Rxc7 Ne7 37. Rb7 1-0